00569 2200205 4500001002100000005001500021035002000036245005200056100002000108250001700128300003100145260003600176082001100212084001700223020002200240650002800262008004100290990001600331990001600347INLIS00000000000048120240824074001 a0010-07240000361 aPerhubungan :bPelengkap IPS /cSoegeng Prajogo0 aSoegeng Prajogo aCetakan ke-4 ax, 48 hlm :bilus ;c21 cm aJakarta :bBalai Pustaka,c2007 a354.76 a354.76 SOE p a978-979-666-268-X 4aIlmu Pengetahuan Sosial240824 0  a00000002525 a00000002823